000 00668nam a22002057a 4500
005 20251108170001.0
008 250721s1997 xx 000 0 ara d
020 _a9770254622
082 1 4 _aط/ ق/ياس
100 1 _aلويس، آمال
_eTran.
245 1 0 _aياسمينة و الأرنب المغامر /
264 1 _aالقاهره :
_bدار المعارف للطبعة العربية،
_c[1997].
300 _a10ص.
490 0 _aمغامرات ياسمينة
650 1 7 _aالقصص العربية
653 _aأطفال مرحلة متوسطة (6-9 سنوات)
700 1 _aتادرس، اريت فايز
942 _2ddc
_cBK
999 _c36611
_d36611